000 00550nam a2200193Ia 4500
005 20260120132059.0
008 008 260114s9999 xx 000 0 eng d
020 _a9781383014969
037 _aEBOOK
040 _aCRL
_beng
_cCRL
041 _aeng
_2eng
084 _qCRL
100 _aFawcett
_9934711
245 0 _aDeclining Jurisdiction in Private International Law
260 _bOxford University PressOxford University Press
_c2023
856 _uhttps://academic.oup.com/book/54996
942 _cEBOOK
999 _c1526634
_d1526634